Komercializácia produktu kúpeľov dizertačná práca

Enregistré dans:
Détails bibliographiques
Auteur principal: Vlkovičová, Lenka
Collectivité auteur: Ekonomická univerzita v Bratislave. Obchodná fakulta
Autres auteurs: Novacká, Ľudmila, 1953-
Format: Livre
Langue:slovaque
Publié: Bratislava 2010
Sujets:
Tags: Ajouter un tag
Pas de tags, Soyez le premier à ajouter un tag!

MARC

LEADER 00000nam$a2200000$$$4500
001 0117321
005 20240502072318.7
041 0 |a slo 
044 |a SK 
245 1 0 |a Komercializácia produktu kúpeľov  |b dizertačná práca  |c Lenka Vlkovičová ; škol. Ľudmila Novacká 
264 1 |a Bratislava  |c 2010 
300 |a 124 s. 
610 2 0 |a ruch cestovný kúpeľný 
610 2 0 |a kúpeľníctvo 
610 2 0 |a kúpele 
100 1 |a Vlkovičová, Lenka 
700 1 |a Novacká, Ľudmila, 1953- 
710 2 |a Ekonomická univerzita v Bratislave. Obchodná fakulta